| 000 | 00762nam a2200265 a 4500 | ||
|---|---|---|---|
| 001 | 57381 | ||
| 003 | BD-RjUL | ||
| 005 | 20211209080513.0 | ||
| 008 | 161208s1970 nyu b 000 0 eng | ||
| 035 | _a(BD-RjUL57505) | ||
| 040 |
_aDLC _cDLC _dBD-RjUL _beng |
||
| 041 | _aeng | ||
| 082 | 0 | 0 |
_a301.5 _223 _bSTR 1970 |
| 100 | 1 |
_d1932- _9170418 |
|
| 245 | 0 | 4 |
_aThe structure of community power / _cEdited by Michael Aiken and Paul E. Mott. |
| 250 | _a1st ed. | ||
| 260 |
_aNew York : _bRandom House, _c1970 |
||
| 300 |
_axi, 540 p. _c25 cm. |
||
| 504 | _aBibliography: p. 527-538. | ||
| 650 | 0 |
_aCommunity power. _9170419 |
|
| 700 |
_aMott, Paul E., _ejoint comp. _9170420 |
||
| 700 | 1 |
_aAiken, Michael T., _9170421 |
|
| 942 |
_2ddc _cBK |
||
| 999 |
_c57381 _d57381 |
||